Datum a čas kvízu
27.5
Celkem bodů
Celkový počet nahraných bodů na tomto kvízu bez doplňovacích otázek.
12.
Pořadí na kvízu
Konečné umístění týmu na tomto kvízu.
Zaznamenané odpovědi
| # | Otázka | Odpověď | Body | Výsledky |
|---|---|---|---|---|
| 1. | V úterý byli do pražské zoo př... | (lední) medvědi | 0 | |
| 2. | Buckinghamský palác odhalil v... | D) motýl | 0 | |
| 3. | Minulý týden začal režisér Tom... | Tři princezny | 1 | |
| 4. | V ženevské pobočce aukční síně... | Michael Schumacher | 0 | |
| 5. | Dvacetiletý atlet Tomáš Habart... | D) na 3 000 m překážek | 1 | |
| 6. | Jména Mnata, Vojen či Vnislav... | A | 0 | |
| 7. | Podle pověsti prý zvony z kost... | ve čtvrtek (na Zelený čtvrtek) | 0 | |
| 8. | Před kněžnou Libuší stanuli dv... | A | 1 | |
| 9. | O hřbitovním kostele sv. Maří... | Svatební košile | 1 | |
| 10. | Pokud dokážete určit, co tento... | Stadice | 1 |